Simulated college admission tests for UPCAT, ACET, De La Salle, UST, UA & P, and other college andmission tests solutions manual / (Record no. 116658)
[ view plain ]
| 000 -LEADER | |
|---|---|
| fixed length control field | 00693nam a2200193Ia 4500 |
| 008 - FIXED-LENGTH DATA ELEMENTS--GENERAL INFORMATION | |
| fixed length control field | 140512s9999 xx 000 0 und d |
| 020 ## - INTERNATIONAL STANDARD BOOK NUMBER | |
| International Standard Book Number | 9789718740570 |
| 050 ## - LIBRARY OF CONGRESS CALL NUMBER | |
| Classification number | LB 2353.26.P6 |
| Item number | .Al44 2014 |
| 100 ## - MAIN ENTRY--PERSONAL NAME | |
| Personal name | Alfarez, Merle S. |
| 245 ## - TITLE STATEMENT | |
| Title | Simulated college admission tests for UPCAT, ACET, De La Salle, UST, UA & P, and other college andmission tests solutions manual / |
| Statement of responsibility, etc | Merle S. Alfarez |
| 260 ## - PUBLICATION, DISTRIBUTION, ETC. (IMPRINT) | |
| Place of publication, distribution, etc | Quezon City : |
| Name of publisher, distributor, etc | MSA Publishing House, |
| Date of publication, distribution, etc | c2014. |
| 300 ## - PHYSICAL DESCRIPTION | |
| Extent | 190 p. : |
| Other physical details | ill. ; |
| Dimensions | 26 cm. |
| 650 ## - SUBJECT ADDED ENTRY--TOPICAL TERM | |
| Topical term or geographic name as entry element | College |
| General subdivision | Examinations -- Questions. |
| 650 ## - SUBJECT ADDED ENTRY--TOPICAL TERM | |
| Topical term or geographic name as entry element | English |
| General subdivision | Examinations |
| 650 ## - SUBJECT ADDED ENTRY--TOPICAL TERM | |
| Topical term or geographic name as entry element | Mathematics |
| General subdivision | Examination |
| 650 ## - SUBJECT ADDED ENTRY--TOPICAL TERM | |
| Topical term or geographic name as entry element | Science |
| General subdivision | Examination |
| 942 ## - ADDED ENTRY ELEMENTS (KOHA) | |
| Koha item type | Books |
| Withdrawn status | Lost status | Damaged status | Home library | Current library | Shelving location | Date acquired | Cost, normal purchase price | Total Checkouts | Total Renewals | Full call number | Barcode | Date last seen | Date checked out | Price effective from | Koha item type |
|---|---|---|---|---|---|---|---|---|---|---|---|---|---|---|---|
| Luxembourg Library | Luxembourg Library | Teachers Reference Section | 05/13/2014 | 648.00 | 5 | 10 | LB 2353.26.P6 .Al44 2014 | 19712 | 10/24/2016 | 10/19/2016 | 05/13/2014 | Books |